000 00336nam a2200145Ia 4500
003 OSt
005 20240205125557.0
008 170523s9999 xx 000 0 und d
020 _a978-0471161363
040 _ciimt university meerut
100 _aTOWNSEND
245 0 _aQUALITY IN ACTION
260 _bJOHN WILEY SONS
942 _2ddc
_c02
999 _c303
_d303